Kibaki cabinets. (Record no. 1381)

MARC details
000 -LEADER
fixed length control field 00780cam a22002655i 4500
001 - CONTROL NUMBER
control field 23019720
003 - CONTROL NUMBER IDENTIFIER
control field OSt
005 - DATE AND TIME OF LATEST TRANSACTION
control field 20230619152526.0
008 - FIXED-LENGTH DATA ELEMENTS--GENERAL INFORMATION
fixed length control field 230315s2022 ke a 001 0 eng
010 ## - LIBRARY OF CONGRESS CONTROL NUMBER
LC control number 2023320216
020 ## - INTERNATIONAL STANDARD BOOK NUMBER
International Standard Book Number 9789966194749
040 ## - CATALOGING SOURCE
Original cataloging agency DLC
Language of cataloging eng
Description conventions rda
Transcribing agency DLC
042 ## - AUTHENTICATION CODE
Authentication code lcode
-- pcc
082 ## - DEWEY DECIMAL CLASSIFICATION NUMBER
Classification number 920
Item number KEN 2022
245 00 - TITLE STATEMENT
Title Kibaki cabinets.
Statement of responsibility, etc. Kenya Yearbook Editorial Board
264 #1 - PRODUCTION, PUBLICATION, DISTRIBUTION, MANUFACTURE, AND COPYRIGHT NOTICE
Place of production, publication, distribution, manufacture Nairobi :
Name of producer, publisher, distributor, manufacturer Kenya Yearbook Editorial Board,
Date of production, publication, distribution, manufacture, or copyright notice 2022
300 ## - PHYSICAL DESCRIPTION
Extent x, 409 pages :
Other physical details color illustrations ;
Dimensions 21 x 31cm
336 ## - CONTENT TYPE
Content type term text
Content type code txt
Source rdacontent
337 ## - MEDIA TYPE
Media type term unmediated
Media type code n
Source rdamedia
338 ## - CARRIER TYPE
Carrier type term volume
Carrier type code nc
Source rdacarrier
500 ## - GENERAL NOTE
General note Includes index.
906 ## - LOCAL DATA ELEMENT F, LDF (RLIN)
a 0
b ibc
c origode
d 3
e ncip
f 20
g y-gencatlg
942 ## - ADDED ENTRY ELEMENTS (KOHA)
Source of classification or shelving scheme Dewey Decimal Classification
Koha item type Books
Holdings
Withdrawn status Lost status Source of classification or shelving scheme Damaged status Not for loan Home library Current library Date acquired Total Checkouts Full call number Barcode Date last seen Price effective from Koha item type
    Dewey Decimal Classification     Bunge Tower Library Bunge Tower Library 10/16/2022   920 KEN 2022 20220130 06/19/2023 06/19/2023 Books
    Dewey Decimal Classification     Bunge Tower Library Bunge Tower Library 10/16/2022   920 KEN 2022 20220131 06/19/2023 06/19/2023 Books
LIBRARY OPENING HOURS

When the Parliament is sitting: 8.00a.m - 7.00p.m or until the house adjourns
Mondays and Fridays and when the House is on Recess:  8.00a.m - 5.00p.m
Closed on Weekends and Public Holidays

Online Public Access Catalog (OPAC)
Website: http://www.parliament.go.ke
Bunge Library: https://libraryir.parliament.go.ke
Contact: library@parliament.go.ke | Tel no: (254-2)2221291 or 2848000 Ext 5043